[Event "Bezirksliga Oberbayern 1819"]
[Site "Bayern"]
[Date "2018.12.16"]
[Round "4.8"]
[White "Doan, Duc Trung"]
[Black "Becker, Helmut"]
[Result "1/2-1/2"]
[WhiteElo "1690"]
[BlackElo "1484"]
[PlyCount "118"]
[EventDate "2018.10.21"]
[EventType "team-tourn"]
[EventRounds "9"]
[EventCountry "GER"]
[SourceTitle "EXT 2022"]
[Source "ChessBase"]
[SourceDate "2021.10.06"]
[SourceVersion "1"]
[SourceVersionDate "2021.10.06"]
[SourceQuality "1"]
[WhiteTeam "Ingolstadt MTV"]
[BlackTeam "Fuerstenfeldbruck TuS"]
[WhiteTeamCountry "GER"]
[BlackTeamCountry "GER"]

1. e4 c5 2. Nc3 d6 3. Bc4 Nf6 4. Nge2 Nc6 5. 0-0 a6 6. a4 e6 7. d3 Be7 8. Ng3 h6 9. f4 Bd7 10. Bd2 Nd4 11. e5 Nh7 12. exd6 Bxd6 13. Nge4 Be7 14. Ng3 b5 15. axb5 axb5 16. Rxa8 Qxa8 17. Bb3 Nxb3 18. cxb3 Nf6 19. Re1 0-0 20. Nce4 Rd8 21. Qc2 Nxe4 22. dxe4 Qc8 23. Ba5 Re8 24. Bc3 b4 25. Bd2 Bb5 26. Be3 c4 27. Rc1 Bc5 28. Bf2 Bxf2+ 29. Qxf2 c3 30. bxc3 bxc3 31. Ne2 Bxe2 32. Qxe2 Qc5+ 33. Qf2 Qb4 34. Qc2 Rc8 35. Rd1 Kf8 36. h3 Qb6+ 37. Kh1 Qe3 38. Qc1 Qxc1 39. Rxc1 c2 40. Kg1 Ke7 41. Kf2 Rc3 42. Ke2 g5 43. fxg5 hxg5 44. Kd2 Rxb3 45. Rxc2 Kf6 46. Ke2 Ke5 47. Rc4 f6 48. Kf2 Rd3 49. g3 Rd2+ 50. Kf3 Kd6 51. h4 gxh4 52. gxh4 f5 53. exf5 exf5 54. Kf4 Kd5 55. Ra4 Rf2+ 56. Kg5 Ke5 57. Ra5+ Ke6 58. Ra6+ Ke5 59. Ra5+ Ke6 1/2-1/2

[Event "Bezirksliga Oberbayern 1819"]
[Site "Bayern"]
[Date "2018.10.21"]
[Round "1.8"]
[White "Rose, Martin"]
[Black "Becker, Helmut"]
[Result "1-0"]
[WhiteElo "1940"]
[BlackElo "1484"]
[PlyCount "143"]
[EventDate "2018.10.21"]
[EventType "team-tourn"]
[EventRounds "9"]
[EventCountry "GER"]
[SourceTitle "EXT 2022"]
[Source "ChessBase"]
[SourceDate "2021.10.06"]
[SourceVersion "1"]
[SourceVersionDate "2021.10.06"]
[SourceQuality "1"]
[WhiteTeam "Moosburg SC"]
[BlackTeam "Fuerstenfeldbruck TuS"]
[WhiteTeamCountry "GER"]
[BlackTeamCountry "GER"]

1. d4 d5 2. c4 c6 3. Nc3 Nf6 4. Nf3 g6 5. Bg5 Nbd7 6. e3 Bg7 7. Be2 0-0 8. Qc2 a6 9. 0-0 b6 10. Rfd1 Bb7 11. cxd5 cxd5 12. Rac1 Rc8 13. Qb1 b5 14. Bd3 Qb6 15. Ne2 Qd6 16. Bf4 Qb6 17. Ne5 Nxe5 18. Bxe5 Bh6 19. Rxc8 Rxc8 20. Rc1 Rc6 21. Rxc6 Qxc6 22. Qc2 Nd7 23. Qxc6 Bxc6 24. Bc7 f6 25. Bc2 Kg7 26. Bb3 f5 27. Nc3 e6 28. f4 Kf7 29. Kf2 Bf8 30. Ne2 Nf6 31. h3 h5 32. Ng1 Bb4 33. Ke2 Ne4 34. Nf3 Be8 35. a3 Bf8 36. Ne5+ Kf6 37. Bc2 Ng3+ 38. Kd3 Be7 39. Bd1 Ne4 40. Ba5 Kg7 41. Be1 Kh6 42. h4 Bf6 43. Bf3 Nd6 44. b3 Nb7 45. g3 a5 46. Kc3 Bxe5 47. dxe5 Nc5 48. Be2 Kg7 49. b4 axb4+ 50. Kxb4 Ne4 51. Bxb5 Bxb5 52. Kxb5 Kf7 53. Kc6 Ke8 54. a4 Kd8 55. Bb4 Kc8 56. Bd6 Nd2 57. a5 Nb3 58. a6 Na5+ 59. Kb5 Nc4 60. Bc5 Kc7 61. a7 Kb7 62. a8Q+ Kxa8 63. Kc6 Na5+ 64. Kd7 Kb7 65. Kxe6 Kc6 66. Bd4 Nb3 67. Kf6 Kb5 68. e6 Kc4 69. e7 Nxd4 70. exd4 Kxd4 71. e8Q Kd3 72. Kxg6 1-0